Οικονομοτεχνική αξιολόγηση συγκοινωνιακών έργων. Μελέτη περίπτωσης της σύνδεσης του σιδηροδρομικού δικτύου με βιομηχανικές μονάδες : διπλωματική εργασία

Αποθηκεύτηκε σε:
Λεπτομέρειες βιβλιογραφικής εγγραφής
Κύριος συγγραφέας: Μαγνήσαλης, Γεώργιος
Άλλοι συγγραφείς: Ζαφειριάδης, Κωνσταντίνος (Εισηγητής διατριβής)
Μορφή: Thesis Βιβλίο
Γλώσσα:English
Δημοσίευση: Χίος : Πανεπιστήμιο Αιγαίου, Τμήμα Μηχανικών Οικονομίας και Διοίκησης, 2010
Θέματα:
Διαθέσιμο Online:http://hdl.handle.net/11610/8328
Ετικέτες: Προσθήκη ετικέτας
Δεν υπάρχουν, Καταχωρήστε ετικέτα πρώτοι!

MARC

LEADER 00000cam a2200000 i 4500
001 1/18048
008 120222s2010 eng d
035 |l 10111934 
040 |a GR-MY-UA  |b gre  |e aacr 
041 0 |a eng 
082 0 |a 338.4068  |2 (22) 
100 1 |a Μαγνήσαλης, Γεώργιος. 
245 1 0 |a Οικονομοτεχνική αξιολόγηση συγκοινωνιακών έργων. Μελέτη περίπτωσης της σύνδεσης του σιδηροδρομικού δικτύου με βιομηχανικές μονάδες :  |b διπλωματική εργασία /  |c Γεώργιος Μαγνήσαλης ; επιβλέπων καθηγητής Κωνσταντίνος Ζαφειριάδης 
260 |a Χίος :   |b Πανεπιστήμιο Αιγαίου, Τμήμα Μηχανικών Οικονομίας και Διοίκησης,   |c 2010 
300 |a 159 σ.;  |b πίν., σχ.;  |c 30 εκ. 
500 |a Μέλη της εξεταστικής επιτροπής: Κωνσταντίνος Ζαφειριάδης, Γεώργιος Δούνιας, Παναγιώτης Βασιλάκης 
502 |a Πτυχιακή εργασία – Πανεπιστήμιο Αιγαίου, Χίος, 2010. 
650 0 0 |a Feasibility studies. 
650 0 0 |a Transportation  |z Greece. 
650 0 0 |a Industrial organization  |z Greece. 
650 0 0 |a Dissertations, Academic  |z Greece. 
700 1 |a Ζαφειριάδης, Κωνσταντίνος.  |4 ths 
852 |a INST  |b CHIOS  |c DIATR  |e 20120222  |h 338.4068 ΜΑΓ  |p 005200032323  |q 005200032323  |t DIE  |y 23 
852 |a INST  |b CHIOS  |c DIATR  |e 20120222  |h 338.4068 ΜΑΓ  |p 005200032324  |q 005200032324  |t DIE  |y 23 
856 |u http://hdl.handle.net/11610/8328 
901 |a BIBL2-2012-1 
909 |a Χ  |b 148554 
909 |a Χ  |b 148555 
924 |a ΜΑΓΝΗΣΑΛΗΣ  |b ΓΕΩΡΓΙΟΣ  |y ΧΙΟΣ  |z 2010-07 
970 |a ΣΠΕΝΤΖΑ  |b ΕΛΕΝΗ  |z 2012/02/22